000 00518nam a2200217Ia 4500
003 0100
008 130307s9999 xx 000 0 und d
020 _a0883445085 (pbk.) :
040 _cARRUPELIB
050 _aBT30.A4 1984
100 _aDickson, Kwesi A
245 _aTheology in Africa
260 _aMaryknoll, N.Y. :
260 _bOrbis Books
260 _c1984.
300 _aix
300 _b243 p. 22 cm.
650 _bUllathorne, William Bernard
650 _cCatholics in England
942 0 0 _03
999 _c99670
_d99670